| 000 | 00508nam a2200193Ia 4500 | ||
|---|---|---|---|
| 008 | 230125s9999 xx 000 0 und d | ||
| 020 | _a81-7554-092-3 | ||
| 041 | _aeng | ||
| 082 |
_a658.8 _bWES |
||
| 100 |
_aWestwood J _9106645 |
||
| 245 | _aMarketing Plan | ||
| 260 |
_c1999 _bKogan Page _aNew Delhi |
||
| 300 | _a224p | ||
| 440 | _aProfessional paperbacks | ||
| 500 | _aSeries Book;Professional Paperback Series Book | ||
| 650 | _aManagement | ||
| 700 |
_aWestwood J _9106645 |
||
| 999 |
_c88346 _d88346 |
||